Catálogo
 En Linea

Los niños que tienes en tus manos : (Registro nro. 24294)

Detalles MARC
000 -CABECERA
campo de control de longitud fija 00570nam a2200181 a 4500
001 - NÚMERO DE CONTROL
campo de control 000024801
005 - FECHA Y HORA DE LA ÚLTIMA TRANSACCIÓN
campo de control 20200930023358.0
008 - DATOS DE LONGITUD FIJA--INFORMACIÓN GENERAL
campo de control de longitud fija 110203s1990 sp r 000 | spa d
020 ## - NÚMERO INTERNACIONAL ESTÁNDAR DEL LIBRO
Número Internacional Estándar del Libro 8476455690
040 ## - FUENTE DE LA CATALOGACIÓN
Centro catalogador/agencia de origen DO-SdBNP
Lengua de catalogación spa
Centro/agencia transcriptor BNPHU
082 ## - NÚMERO DE LA CLASIFICACIÓN DECIMAL DEWEY
Número de clasificación xxx
Número de documento/Ítem L362n
049 ## - FONDOS LOCALES (OCLC)
Fondos de biblioteca BNGR
100 1# - ENTRADA PRINCIPAL--NOMBRE DE PERSONA
Nombre de persona Latrach Silva, Waldo A.
9 (RLIN) 50894
245 14 - MENCIÓN DE TÍTULO
Título Los niños que tienes en tus manos :
Resto del título manual del pedagogía para padres y maestros /
Mención de responsabilidad, etc. Waldo A. Latrach Silva.
260 ## - PUBLICACIÓN, DISTRIBUCIÓN, ETC.
Lugar de publicación, distribución, etc. Barcelona :
Nombre del editor, distribuidor, etc. Seix Barral ,
Fecha de publicación, distribución, etc. 1990.
300 ## - DESCRIPCIÓN FÍSICA
Extensión 515 p. ;
Dimensiones 19 cm.
500 ## - NOTA GENERAL
Nota general Bibliografía : p. 103-104
Existencias
Estado de retiro Estado de pérdida Restricciones de uso No para préstamo Código de colección Localización permanente Ubicación/localización actual Ubicación en estantería Fecha de adquisición Número de inventario Total de préstamos Signatura topográfica completa Código de barras Fecha visto por última vez Precio válido a partir de Tipo de ítem Koha
      Excluido de préstamo Monografías: Libros y Folletos General General En catalogación 04.02.2011 LF1   xxx L362n 24801-10 25.06.2020 25.06.2020 No se presta

Con tecnología Koha